Introductory statistics /

Bibliographic Details
Main Author: Wonnacott, Thomas H., 1935-
Other Authors: Wonnacott, Ronald J.
Format: Book
Language:English
Published: New York : Wiley, c1990.
Edition:Fifth edition.
Series:Wiley series in probability and mathematical statistics
Subjects:
Classic Catalogue: View this record in Classic Catalogue
LEADER 01792nam a2200337 a 4500
001 0017228
003 BD-DhAAL
008 090824s1990 nyua b 001 0 eng d
010 |a  89032904  
020 |a 0471615188 
040 |a DLC  |c DLC  |d DLC  |d BD-DhAAL 
082 0 0 |a 519.5  |2 20 
100 1 |a Wonnacott, Thomas H.,  |d 1935-  |9 58446 
245 1 0 |a Introductory statistics /  |c Thomas H. Wonnacott, Ronald J. Wonnacott. 
250 |a Fifth edition. 
260 |a New York :  |b Wiley,  |c c1990. 
300 |a xvi, 711 p. :  |b ill. (some col.) ;  |c 25 cm 
490 0 |a Wiley series in probability and mathematical statistics. 
500 |a R.J. Wonnacott's name appears first on the 4th ed. 
500 |a Includes bibliographical references (pages 679-683) and index. 
526 |a ESS  |x Navil Monsur Chowdhury Lecturer in Economics in the Department of ESS Course No. ECO 202 
541 1 |e 0017228, 0017229  |a Essence Science Publications 
650 0 |a Statistics. 
650 0 |a Mathematical statistics. 
700 1 |a Wonnacott, Ronald J.  |9 58447 
830 |a Wiley series in probability and mathematical statistics  |9 58448 
852 4 |a Ayesha Abed Library  |c General Stacks 
942 |2 ddc  |c BK 
999 |c 3393  |d 3393 
952 |0 0  |1 0  |2 ddc  |4 0  |6 519_500000000000000_WON_1990  |7 0  |9 3081  |a BRACUL  |b BRACUL  |c GEN  |d 2009-08-31  |e Essence Science Publications  |g 10683.00  |l 12  |m 41  |o 519.5 WON  |p 3010017228  |r 2025-03-23  |s 2025-03-13  |t 1  |w 2009-08-31  |y BK  |x Requisitioned by Navil Monsur Chowdhury (Lecturer) for the course No. 'ECO 202' 
952 |0 0  |1 0  |2 ddc  |4 0  |6 519_500000000000000_WON_1990  |7 0  |9 11166  |a BRACUL  |b BRACUL  |c GEN  |d 2010-06-22  |e Essence Science Publications  |g 10683.00  |l 14  |m 97  |o 519.5 WON  |p 3010017229  |r 2024-06-02  |s 2024-05-15  |t 2  |w 2010-06-22  |y BK  |x Requisitioned by Navil Monsur Chowdhury (Lecturer) for the course No. 'ECO 202'